[Event "RUS-CHN Summit Men 2nd"]
[Site "Moscow"]
[Date "2004.08.12"]
[Round "3"]
[White "Malakhov, Vladimir"]
[Black "Ni, Hua"]
[Result "0-1"]
[WhiteElo "2674"]
[BlackElo "2583"]
[Annotator "Huebner,R"]
[PlyCount "90"]
[EventDate "2004.08.10"]
[EventType "schev"]
[EventRounds "6"]
[EventCountry "RUS"]
[SourceTitle "CBM 103"]
[Source "ChessBase"]
[SourceDate "2004.11.11"]
[SourceVersion "1"]
[SourceVersionDate "2004.11.11"]
[SourceQuality "1"]
[WhiteTeam "Russia"]
[BlackTeam "China"]
[WhiteTeamCountry "RUS"]
[BlackTeamCountry "CHN"]

1. Nf3 d5 2. d4 Nf6 3. c4 c6 4. e3 a6 5. Nc3 b5 6. b3 Bg4 7. Be2 Nbd7 8. O-O e6
9. h3 Bh5 10. Bb2 Qb8 11. c5 Be7 (11... a5 12. a3 Be7 13. b4 a4 14. Ne5 Bxe2
15. Nxe2 Qc7 $11 {1/2-1/2 Smejkal,J-Keitlinghaus,L/Czechia 1994/TD (33). (33)})
12. b4 O-O 13. g4 $6 {Dies gefällt mir nicht; Weiß möchte Vorteil erzielen, wo
es keinen Vorteil gibt. Die Dame des Schwarzen blinzelt bereits in Richtung
des Königsflügels von Weiß; der Textzug bedeutet nichts als eine Schwächung.}
Bg6 14. Nd2 a5 15. a3 Ne4 (15... e5 {ist ebenfalls gut:} 16. dxe5 Nxe5 17. f4 {
wird mit} Nd3 {beantwortet.}) 16. Kg2 (16. Ndxe4 dxe4 17. Qd2 {nebst f2-f4
führt zum Ausgleich.}) 16... Ndf6 (16... f5 {sieht etwas plausibler aus; Weiß
antwortet} 17. f4 {mit Aussichten auf Ausgleich.}) 17. Nf3 (17. Qe1 {mit der
Absicht f2-f3 kommt in Betracht.}) 17... Nd7 18. Na2 $2 {Weiß spielt weiterhin
auf Gewinn, ohne eine genügende positionelle Grundlage für seinen Spielplan zu
besitzen. Er möchte am Damenflügel die Initiative ergreifen; zu diesem Zweck
zieht er seinen Springer vom Einfluß auf die Zentralfelder ab. Inzwischen
beginnt Schwarz, den geschwächten Königsflügel des Weißen zu benagen.} h5 $2 (
18... f5 {zur Öffnung der f-Linie ist weit wirksamer.}) 19. bxa5 $2 (19. gxh5
Bxh5 20. Nd2 {führt zu einer haltbaren Stellung.}) 19... hxg4 20. hxg4 f5 21.
g5 f4 (21... Rxa5 22. Nb4 Qc7 23. a4) 22. Bc1 ({Nach} 22. Nb4 Qc7 23. Qe1 ({
Die Fortsetzung} 23. Bc1 {ist hier nicht mehr spielbar, weil das Feld c3 jetzt
ungedeckt ist:} fxe3 24. Bxe3 Nc3 25. Qd2 Nxe2 26. Qxe2 Be4) 23... fxe3 24.
fxe3 Bxg5 {erwartet den Weißen auch nichts Gutes.}) 22... e5 $2 {Jetzt kann
Weiß die f-Linie doch geschlossen halten. Besser ist} (22... Nxg5 23. exf4 Nxf3
24. Bxf3 Bf6 (24... Rxa5 {scheitert an} 25. Qe1) 25. Nb4 Qc7 26. Be3 Rxa5 {
mit beachtlichem Positionsvorteil für Schwarz.}) 23. exf4 exf4 24. Rg1 $2 {
Im Augenblick droht am Königsflügel nichts; Weiß sollte seine Initiative am
Damenflügel fortsetzen, nachdem Schwarz ihm eine Verschnaufpause gewährt hat.}
(24. a6 Qc8 25. Nh4 (25. a4 Ndxc5 {sieht allzu riskant für Weiß aus:} 26. Ne5
Qf5 {usw.}) 25... Be8 {ist offenbar zu ungestüm.}) (24. a4 b4 {gewährt dem
Schwarzen Möglichkeiten auf beiden Flügeln.}) (24. Bd2 {sieht am solidesten
aus.}) 24... Bxg5 $2 {Dieser Zug hilft offensichtlich nur dem Weißen; sein
Turm kommt auf der g-Linie zu schöner Aktivität.} ({Nach} 24... Rxa5 {
verbleibt Schwarz mit einem soliden positionellen Vorteil.}) 25. Kf1 Qd8 26.
Nb4 Bf5 $2 (26... Nb8 {führt zu einer etwa ausgeglichenen Stellung.}) 27. Nxc6
$4 {Weiß fällt einem kleinen Trick zum Opfer.} ({Nach} 27. Nxg5 Nxg5 28. Nxc6
Qf6 29. Qb3 Qxc6 30. Rxg5 Qf6 31. Rh5 {hätte Schwarz keinerlei Freude mehr an
seiner Stellung erlebt:} Be6 (31... Be4 32. Rxd5 Qf7 33. Bf3 Nf6 34. Bxe4 Nxe4
35. Rb1) (31... Qxd4 32. Bb2 Qxc5 (32... Nxc5 33. Qxb5 Qd2 34. Qxc5 {, und
Weiß gewinnt.}) 33. Bf3 {Die Stellung des Nachziehenden fällt zusammen.}) (
31... Nxc5 32. dxc5 Qxa1 33. Qxd5+ {mit Gewinn.}) 32. Bb2 {Die Lage des
Schwarzen ist dauerhaft nachteilig.}) 27... Bh3+ 28. Ke1 Bh4 $19 {Jetzt rächt
es sich doch noch, daß Weiß den gegnerischen Springer auf e4 mit großer
Nervenstärke hat sitzenlassen.} 29. Qb3 (29. Rf1 {rettet den Weißen nicht:} Qf6
30. Nce5 Bxf1 31. Nxd7 (31. Kxf1 Qe6 {ist ebenfalls hoffnungslos.}) 31... Bxf2+
32. Kxf1 Qh6 33. Kg2 Qg6+ 34. Kf1 Qg4 {usw.}) 29... Bxf2+ 30. Kd1 Qe8 31. Ng5
Bxg1 32. Nxh3 Qe6 33. Ne7+ Qxe7 {Einfacher ist} (33... Kh8 34. Nxg1 Qxe7) 34.
Qxd5+ Qf7 35. Qxf7+ Rxf7 36. Nxg1 Nc3+ 37. Kd2 Nxe2 38. Kxe2 g5 39. Nh3 ({Nach
} 39. Bd2 g4 {wird der Springer des Weißen das Tageslicht nicht mehr erblicken.
}) 39... f3+ 40. Kf2 g4 41. Nf4 Nf6 42. Kg3 Rg7 43. Ne6 Re7 44. Nf4 Re1 45. Kf2
Rd1 0-1

[Event "RUS-CHN Summit Men 2nd"]
[Site "Moscow"]
[Date "2004.08.10"]
[Round "1"]
[White "Dreev, Alexey"]
[Black "Ni, Hua"]
[Result "1-0"]
[WhiteElo "2690"]
[BlackElo "2583"]
[Annotator "Huebner,R"]
[PlyCount "59"]
[EventDate "2004.08.10"]
[EventType "schev"]
[EventRounds "6"]
[EventCountry "RUS"]
[SourceTitle "CBM 103"]
[Source "ChessBase"]
[SourceDate "2004.11.11"]
[SourceVersion "1"]
[SourceVersionDate "2004.11.11"]
[SourceQuality "1"]
[WhiteTeam "Russia"]
[BlackTeam "China"]
[WhiteTeamCountry "RUS"]
[BlackTeamCountry "CHN"]

1. d4 d5 2. c4 c6 3. Nf3 Nf6 4. e3 a6 5. Nc3 b5 6. c5 Bf5 7. Ne5 {Dies ist ein
neuer Versuch.} h5 $6 (7... Nfd7 {kommt mir plausibler vor.} 8. g4 Bg6 ({Nach} 
8... Be6 9. Nd3 f6 10. a4 {erhält Weiß Vorteil.}) 9. Nxg6 hxg6 10. f4 e6 {
mit der Absicht g6-g5 dürfte zu etwa gleichem Spiel führen.}) 8. Qb3 {Weiß
verhindert b5-b4, damit er das Bollwerk des Schwarzen am Damenflügel mit a2-a4
wirksam angreifen kann.} Ng4 (8... a5 9. Nxb5 cxb5 (9... a4 10. Qb4 cxb5 11.
Bxb5+ {bedeutet keine Verbesserung für Schwarz.}) 10. Bxb5+ Bd7 11. Nxd7 Nbxd7
12. c6 {ist fatal für Schwarz.}) 9. Nxg4 $6 (9. e4 Nxe5 (9... Be6 10. exd5 cxd5
11. Nf3 Nc6 12. a4 b4 13. Ne2 {macht auch keinen besonders gesunden Eindruck
für Schwarz.}) 10. exf5 Nc4 {Auch andere Springerzüge bieten keine
verlockenden Aussichten.} 11. Qc2 {sieht wesentlich wirksamer aus.}) 9... hxg4
10. a4 Nd7 11. Na2 Qc8 12. Nb4 Qb7 $2 (12... a5 13. Nxc6 Qxc6 14. Bxb5 (14.
axb5 {ist weniger stark; Schwarz antwortet} Qg6 {mit der Drohung g4-g3}) 14...
Qe6 15. c6 Nb8 16. c7+ Nd7 17. Bd2 {führt zu einer hoffnungslosen Stellung für
Schwarz.}) ({Richtig ist} 12... Be4 13. Qa2 Rb8 14. axb5 axb5 15. Qa6 Rh6 {
mit unklarer Lage.}) 13. Qa2 Rc8 14. axb5 axb5 15. Qa6 Qxa6 16. Rxa6 Nb8 $6 ({
Jetzt kann} 16... Rh6 {mit} 17. e4 {beantwortet werden. Nach} Re6 18. Nxc6 Bxe4
19. Nb4 Rxa6 (19... Bxg2+ 20. Rxe6 Bxh1 21. Ra6 e5 22. Bxb5 Rb8 23. Bxd7+ Kxd7
24. Nc6 {sieht hoffnungslos für Schwarz aus.}) 20. Nxa6 e5 21. Bxb5 exd4 22. b4
Bxg2 23. Rg1 Bf3 24. Bf4 {nebst Ke1-d2 dürfte es um Schwarz nicht gut bestellt
sein. Dennoch ist dieser Versuch das beste, was dem Nachziehenden in dieser
Stellung zur Verfügung steht.}) 17. Ra8 Kd7 18. e4 $18 Bxe4 19. Bf4 e5 20. Bxe5
Be7 21. Be2 Ke6 22. Rxb8 Rxb8 23. Bxb8 Rxb8 24. Bxg4+ f5 25. Nxc6 Ra8 26. Bd1
Ra2 27. f3 Bb1 28. Kd2 Bg5+ 29. Kc3 Bc1 30. Bc2 1-0

[Event "RUS-CHN Summit Men 2nd"]
[Site "Moscow"]
[Date "2004.08.10"]
[Round "1"]
[White "Xu, Jun"]
[Black "Malakhov, Vladimir"]
[Result "0-1"]
[WhiteElo "2617"]
[BlackElo "2674"]
[Annotator "Huebner,R"]
[PlyCount "64"]
[EventDate "2004.08.10"]
[EventType "schev"]
[EventRounds "6"]
[EventCountry "RUS"]
[SourceTitle "CBM 103"]
[Source "ChessBase"]
[SourceDate "2004.11.11"]
[SourceVersion "1"]
[SourceVersionDate "2004.11.11"]
[SourceQuality "1"]
[WhiteTeam "China"]
[BlackTeam "Russia"]
[WhiteTeamCountry "CHN"]
[BlackTeamCountry "RUS"]

1. d4 d5 2. c4 c6 3. Nf3 Nf6 4. Nc3 a6 5. c5 Nbd7 6. Bf4 Nh5 7. Bd2 Nhf6 8. Qc2
g6 9. e4 {Dies ist ein neuer Zug. Er scheint nicht viel zu versprechen.} Nxe4
10. Nxe4 dxe4 11. Ng5 ({Nach} 11. Qxe4 Nf6 {hat Schwarz natürlich keinerlei
Sorgen.}) 11... Bg7 12. Bc4 O-O 13. Qb3 $6 (13. Bxf7+ Rxf7 14. Ne6 Qe8 15. Nc7
Qd8 16. Ne6 (16. Nxa8 Bxd4 17. O-O Nxc5 {ist nicht empfehlenswert für Weiß.})
16... Qe8 {führt zu Remis. Wahrscheinlich ist dies unter den gegebenen
Umständen bereits die beste Wahl für Weiß.}) (13. O-O Nf6 (13... e5 14. Qb3 Qe7
15. Rae1 h6 16. Nxe4 exd4 17. Nd6 Qf6 18. Ne8 {führt zu gutem Spiel für Weiß.})
14. Be3 (14. Qb3 e6 {genügt auch nicht zum Ausgleich.}) 14... Bf5 15. Qb3 e6
16. Qxb7 Nd5 {sieht ebenfalls unbequem für Weiß aus, denn der Springer auf g5
ist in Schwierigkeiten.}) 13... e6 14. Nxe4 $2 (14. Bxe6 fxe6 15. Nxe6 Qf6 16.
Nxf8+ Kxf8 17. Be3 Qf7 {ist auch nicht befriedigend für Weiß.}) ({Aber} 14. Qe3
Nf6 15. O-O h6 16. Nxe4 Nxe4 17. Qxe4 Qxd4 18. Qxd4 Bxd4 19. Bxh6 Re8 20. Be3 {
bietet gute Überlebensaussichten.}) 14... Bxd4 15. O-O Nxc5 16. Nxc5 Bxc5 $19
17. Bh6 Re8 18. Rad1 Qh4 19. Be3 Bxe3 20. fxe3 b5 21. Be2 c5 22. Bf3 Ra7 23.
Qc3 Qg5 24. h4 Qxh4 25. Qxc5 Qe7 26. Qb6 Qc7 27. Qd4 e5 28. Qb4 Be6 29. b3 Qb6
30. Qc3 Bf5 31. Rc1 e4 32. Be2 Rc8 0-1

[Event "Budapest FS03 GM"]
[Site "Budapest"]
[Date "1996.??.??"]
[Round "3"]
[White "Hillarp Persson, Tiger"]
[Black "Acs, Peter"]
[Result "1/2-1/2"]
[WhiteElo "2410"]
[BlackElo "2440"]
[Annotator "Huebner,R"]
[PlyCount "89"]
[EventDate "1996.03.??"]
[EventType "tourn"]
[EventRounds "13"]
[EventCountry "HUN"]
[EventCategory "9"]
[SourceTitle "CBM 053"]
[Source "ChessBase"]
[SourceDate "1996.08.01"]
[SourceVersion "1"]
[SourceVersionDate "1996.08.01"]
[SourceQuality "1"]

1. c4 c6 2. Nf3 Nf6 3. d4 d5 4. Nc3 dxc4 5. e4 b5 6. e5 Nd5 7. a4 e6 8. Ng5 Be7
9. h4 h6 10. Nge4 b4 11. Nb1 Ba6 12. Qg4 g6 13. Nbd2 c3 14. Nc4 Bxc4 15. Bxc4
a5 16. h5 g5 17. O-O Nd7 18. bxc3 N7b6 19. Bb3 Nxc3 20. Nxc3 bxc3 21. Qe4 Nd5
22. f4 Rb8 23. Ba2 Rb4 24. fxg5 Qb6 25. Bxd5 cxd5 26. Qf3 Qxd4+ 27. Be3 Qxe5
28. Qxf7+ Kd8 29. Rae1 Re4 30. Bb6+ Kd7 31. Rxe4 Qxe4 32. Bc5 Rh7 33. Qf2 Bxg5
34. Re1 Qf5 $2 (34... Qc4 $19) 35. Qe2 e5 (35... c2 36. Qb5+ Kc8 37. Qc6+ Rc7
38. Qa6+ Kb8 39. Qb6+ $10) (35... d4 36. Qb5+ Kc8 37. Qc6+ Rc7 38. Qa6+ $10)
36. Qb5+ Kc8 37. Qc6+ Rc7 38. Qa8+ Kd7 39. Qxd5+ Kc8 40. Qa8+ Kd7 41. Rd1+ Bd2
42. Qd5+ Ke8 43. Rf1 Bf4 44. Qg8+ Kd7 45. Qd5+ 1/2-1/2

[Event "Lazne Bohdanec"]
[Site "Lazne Bohdanec"]
[Date "1996.??.??"]
[Round "3"]
[White "Vokac, Marek"]
[Black "Keitlinghaus, Ludger"]
[Result "0-1"]
[WhiteElo "2455"]
[BlackElo "2475"]
[Annotator "Huebner,R"]
[PlyCount "108"]
[EventDate "1996.01.??"]
[EventType "tourn"]
[EventRounds "11"]
[EventCountry "CZE"]
[EventCategory "10"]
[SourceTitle "CBM 051"]
[Source "ChessBase"]
[SourceDate "1996.04.01"]
[SourceVersion "1"]
[SourceVersionDate "1996.04.01"]
[SourceQuality "1"]

1. Nf3 d5 2. c4 c6 3. d4 Nf6 4. Nc3 a6 5. c5 Nbd7 6. Bf4 Nh5 7. Bd2 Nhf6 8. Qc2
g6 9. Bf4 Bg7 10. e3 Nh5 11. Bg5 h6 12. Bh4 g5 13. Bg3 Nxg3 14. hxg3 e5 15.
O-O-O e4 16. Nd2 f5 17. Be2 O-O 18. f4 exf3 19. gxf3 Qe7 20. Nf1 b6 21. cxb6
Nxb6 22. e4 $6 {Die Öffnung der Stellung scheint mir nicht besonders ratsam.} (
22. Kb1 $5) 22... fxe4 23. fxe4 c5 (23... dxe4 $5) 24. Ne3 cxd4 25. Ncxd5 Nxd5
26. Nxd5 Qe5 27. Qc5 Kh8 28. Qe7 Qxe7 29. Nxe7 Rf2 30. Bd3 Be6 31. Rd2 Rf3 32.
Nf5 Bxf5 33. exf5 Rxg3 34. f6 Bf8 35. Be4 Rd8 36. Rf1 d3 37. a3 h5 38. Rfd1 Rd6
39. f7 Kg7 40. Rxd3 Rgxd3 41. Rxd3 Kxf7 42. Rxd6 Bxd6 43. Kd1 $2 (43. b4 $10)
43... a5 44. Ke2 Kf6 45. Bc6 g4 46. Bd7 Kg5 47. Kf2 Kf4 48. b4 Bxb4 49. axb4
axb4 50. Be6 h4 51. Kg2 g3 52. Bd5 Ke5 53. Bf7 Kd4 54. Kh3 Kc3 0-1

[Event "FIDE-Wch k.o."]
[Site "New Delhi/Teheran"]
[Date "2000.11.29"]
[Round "1.6"]
[White "Sakaev, Konstantin"]
[Black "Volkov, Sergey"]
[Result "0-1"]
[WhiteElo "2627"]
[BlackElo "2554"]
[Annotator "Huebner,R"]
[PlyCount "66"]
[EventDate "2000.11.27"]
[EventType "k.o."]
[EventRounds "7"]
[EventCountry "IND"]
[SourceTitle "CBM 081"]
[Source "ChessBase"]
[SourceDate "2001.03.20"]
[SourceVersion "1"]
[SourceVersionDate "2001.03.20"]
[SourceQuality "1"]

1. d4 d5 2. c4 c6 3. Nf3 Nf6 4. Nc3 a6 5. c5 Nbd7 6. Bf4 Nh5 7. e3 g6 8. Bd3
Bg7 9. O-O f6 10. h3 e5 {In dieser Partie nimmt Schwarz die Herausforderung an.
} (10... Nxf4 {wurde in der Stammpartie gespielt:} 11. exf4 e5 12. f5 e4 13.
Bxe4 dxe4 14. Nxe4 O-O 15. Qb3+ Kh8 16. Nd6 Bh6 17. Rfe1 Kg7 18. Re4 Nxc5 19.
dxc5 gxf5 20. Re8 Qxe8 21. Nxe8+ Rxe8 22. g3 a5 23. Re1 Rxe1+ 24. Nxe1 a4 25.
Qb6 Bd2 26. Qc7+ Kg6 27. Nf3 Bc1 28. Nh4+ Kh6 29. Qf7 {1-0 Gelfand,B-Movsesian,
S/Polanica Zdroj 2000/CBM 79 no vc (29).}) 11. Bh2 e4 12. Bxe4 ({Nach} 12. g4
exd3 13. Qxd3 (13. gxh5 Nf8 {gibt Schwarz gutes Spiel.}) 13... Nf8 14. Kg2 {
(,und falls} Qd7 {so} 15. Na4 {) behält Weiß einen kleinen Vorteil. Mit dem
Textzug strebt er nach mehr.}) 12... dxe4 13. Nxe4 O-O 14. Nd6 f5 15. g4 $6 (
15. Qb3+ Kh8 16. Nf7+ Rxf7 17. Qxf7 {ist solider; meines Erachtens hat Weiß
einen kleinen Vorteil.}) 15... fxg4 $6 (15... Nhf6 {kam sehr in Betracht;
Schwarz gibt mit dem Textzug die Kontrolle des Feldes e4 auf. Nach} 16. gxf5
gxf5 {hat Schwarz deutlichen Vorteil; auf} 17. Nxf5 {folgt} Nxc5 18. Nxg7 Nce4
{usw.}) 16. hxg4 Nhf6 17. Ng5 $6 ({Mit der Fortsetzung} 17. Qb3+ Nd5 (17... Kh8
18. Ng5 Qe7 19. Ngf7+ Kg8 20. Nh6+ Kh8 21. Ndf7+ Rxf7 22. Nxf7+ Kg8 23. Nd6+ {
führt zu einer für Schwarz hoffnungslosen Stellung.}) 18. e4 Qf6 19. Ne5 {
konnte Weiß ohne weiteres deutlichen Vorteil erzielen.}) 17... Qe7 (17... Nb8
$5 {war vielleicht noch kräftiger als der Textzug, zum Beispiel:} 18. e4 Nd5
19. f4 h6 20. Nh3 Nf6 21. f5 gxf5 22. gxf5 Nxe4 {, und Schwarz gewinnt.}) 18.
e4 ({Zum Ausgleich führte auch} 18. Nxc8 Rfxc8 (18... Raxc8 19. Bd6 {ist
günstig für Weiß.}) 19. Bd6 Qe8 20. Qb3+ Kh8 21. Nf7+) 18... Nd5 19. f4 h6 20.
Nh3 $2 {Richtig war} (20. exd5 hxg5 21. dxc6 bxc6 (21... Qe3+ 22. Kg2 bxc6 23.
Re1 Qxd4 24. Qxd4 Bxd4 25. Nxc8 Raxc8 26. Rad1 {führt zu einer ausgeglichenen
Stellung.}) 22. Qb3+ Kh7 23. Qh3+ {mit Dauerschach, denn} Bh6 24. Rae1 Qf6 25.
fxg5 Qxg5 26. Ne4 Rxf1+ 27. Kxf1 {ist fatal für Schwarz.}) 20... Qh4 {Jetzt
bricht die Stellung des Weißen rasch zusammen.} 21. Rf3 N7f6 22. Nf2 ({Nach} 
22. Nxc8 Nxe4 23. Nb6 Qxg4+ 24. Kh1 Nxb6 25. cxb6 Rad8 {ist die Stellung des
Weißen ebenfalls hoffnungslos.}) 22... Bxg4 23. Nxg4 Qxg4+ 24. Kh1 Nxe4 25.
Nxe4 Nxf4 26. Rf2 Qh4 27. Qe1 Rae8 (27... Bxd4 {war überzeugender.}) 28. Rxf4
Rxf4 29. Nf6+ Bxf6 30. Qxe8+ Kg7 31. Qd7+ ({Mit} 31. Rg1 {konnte Weiß längeren
Widerstand leisten, aber Schwarz steht auf Gewinn:} g5 32. Qd7+ Kg6 33. Qe8+
Kh7 {usw.}) 31... Be7 32. Rg1 Rf2 33. Rg2 Rf1+ 0-1

[Event "Linares Anibal op 08th"]
[Site "Linares"]
[Date "2001.01.17"]
[Round "10"]
[White "Kempinski, Robert"]
[Black "Anastasian, Ashot"]
[Result "1-0"]
[WhiteElo "2543"]
[BlackElo "2548"]
[Annotator "Huebner,R"]
[PlyCount "105"]
[EventDate "2001.01.08"]
[EventType "swiss"]
[EventRounds "11"]
[EventCountry "ESP"]
[SourceTitle "CBM 081"]
[Source "ChessBase"]
[SourceDate "2001.03.20"]
[SourceVersion "1"]
[SourceVersionDate "2001.03.20"]
[SourceQuality "1"]

1. d4 d5 2. c4 c6 3. Nc3 Nf6 4. Nf3 a6 5. e3 Bf5 6. Qb3 Ra7 7. Nh4 Bg6 8. Nxg6
hxg6 9. cxd5 cxd5 10. Bd2 e6 11. Rc1 Nc6 12. Bd3 Bd6 13. h3 O-O 14. Na4 Nd7 15.
h4 Qe7 16. a3 Rc8 17. Qd1 b5 18. Nc3 Nf6 19. g4 Rac7 20. f4 Na5 21. g5 Nh5 22.
Kf2 Nc4 23. Bxc4 Rxc4 24. Qf3 b4 25. axb4 Bxb4 26. Ra1 a5 27. Rhc1 Qd7 28. Be1
Bxc3 29. Rxc3 a4 30. Rxc4 Rxc4 31. Bc3 f6 32. Qg4 Kh7 33. Kg2 Qb7 34. Kh3 Qb3
35. Qd1 Rxc3 $6 ({Nach} 35... Qxd1 36. Rxd1 Kg8 {sehe ich keine Gefahren für
Schwarz.}) 36. bxc3 Qxc3 37. Qe1 Qd3 (37... Nxf4+ 38. Kg4 Qxe1 39. Rxe1 {
ist ungünstig für Schwarz.}) 38. Qf2 a3 39. Kh2 Qc3 40. Ra2 e5 41. dxe5 fxe5
42. f5 e4 43. fxg6+ Kxg6 44. Kg2 Qc5 45. Rd2 Qd6 46. Rd4 a2 $6 ({Nach} 46...
Qd7 {ist die Angelegenheit nicht klar.}) 47. Ra4 d4 48. Rxa2 Qe6 $2 (48... d3
49. Ra7 Qe6) (48... d3 49. Ra7 Qe6 {ermöglichte dem Schwarzen noch stets,
Widerstand zu leisten.}) 49. exd4 Nf4+ 50. Kg3 Nd3 51. Qe3 Qd6+ 52. Kg2 Qe6 53.
Rd2 1-0

[Event "Copenhagen KS"]
[Site "Copenhagen"]
[Date "1996.??.??"]
[Round "3"]
[White "Volke, Karsten"]
[Black "Hellsten, Johan"]
[Result "1/2-1/2"]
[WhiteElo "2475"]
[BlackElo "2490"]
[Annotator "Huebner,R"]
[PlyCount "164"]
[EventDate "1996.07.05"]
[EventType "tourn"]
[EventRounds "9"]
[EventCountry "DEN"]
[EventCategory "10"]
[SourceTitle "CBM 055"]
[Source "ChessBase"]
[SourceDate "1996.12.01"]
[SourceVersion "1"]
[SourceVersionDate "1996.12.01"]
[SourceQuality "1"]

1. d4 d5 2. c4 c6 3. Nc3 Nf6 4. Nf3 a6 5. c5 Bf5 6. Qb3 Qc8 7. Bf4 Nbd7 8. h3
h6 9. e3 e6 10. Be2 Be7 11. O-O O-O 12. Na4 Bd8 13. Ne5 Re8 14. Rac1 Nxe5 15.
Bxe5 Nd7 16. f4 Nxe5 17. fxe5 Qc7 18. Bd3 f6 19. Nb6 Rb8 20. Bxf5 exf5 21. Rxf5
Kh8 22. Rcf1 Be7 (22... fxe5 23. Rf7 Be7 24. Qd3 e4 25. Qe2 $16) 23. Qc2 $6 (
23. e6 $5 Bf8 24. e4 dxe4 25. Re1 $16) 23... fxe5 24. dxe5 Bg5 25. Kh1 Rbd8 26.
Qc3 Re7 27. Qd4 Re6 28. e4 g6 29. Rf7 (29. Rf8+ Rxf8 30. Rxf8+ Kg7 31. exd5
Qxe5 $13) 29... Qxe5 30. Qxe5+ Rxe5 31. exd5 cxd5 32. Rxb7 Rde8 33. c6 (33.
Rff7 Be7 34. Nxd5 {Auch andere Züge kommen natürlich in Betracht.} Rxd5 35.
Rfxe7 Rxe7 36. Rxe7 Rxc5 37. Ra7 a5 38. b3 $16) 33... Re1 34. Rxe1 $4 (34. Rbf7
$18) 34... Rxe1+ 35. Kh2 Rc1 36. Nxd5 Rxc6 37. Kg3 Rd6 38. Nc3 Rd3+ 39. Kf2
Rd2+ 40. Kf3 Bf6 41. Rb8+ Kg7 42. Rb7+ Kf8 43. Rb6 Bxc3 44. bxc3 Kf7 45. Rxa6
Rd3+ 46. Ke2 Rg3 47. Kf1 Rxc3 48. Rd6 Rc2 49. a4 Ra2 50. Rd4 Kf6 51. Kg1 Kf7
52. Kh2 Ra3 53. Rf4+ Kg7 54. h4 h5 55. g3 Ra2+ 56. Kh3 Kh6 57. Rb4 Kg7 58. Rb7+
Kg8 59. Rb4 Kg7 60. Re4 Kh6 61. Rc4 Kg7 62. g4 Ra3+ 63. Kg2 hxg4 64. Rxg4 Kh6
65. Kf2 Kh5 66. Rb4 g5 67. hxg5 Kxg5 68. Ke2 Kf6 69. Kd2 Ke7 70. Rd4 Rh3 71.
Kc2 Rh8 72. Kb3 Rd8 73. Rh4 Kd7 74. Rb4 Kc7 75. Kc4 Rb8 76. Rb5 Rxb5 77. axb5
Kb6 78. Kb4 Kb7 79. Kc5 Kc7 80. b6+ Kb7 81. Kb5 Kb8 82. Ka6 Ka8 1/2-1/2

[Event "Lazne Bohdanec"]
[Site "Lazne Bohdanec"]
[Date "1996.??.??"]
[Round "3"]
[White "Stocek, Jiri"]
[Black "Meduna, Eduard"]
[Result "1/2-1/2"]
[WhiteElo "2465"]
[BlackElo "2435"]
[Annotator "Huebner,R"]
[PlyCount "75"]
[EventDate "1996.01.??"]
[EventType "tourn"]
[EventRounds "11"]
[EventCountry "CZE"]
[EventCategory "10"]
[SourceTitle "CBM 051"]
[Source "ChessBase"]
[SourceDate "1996.04.01"]
[SourceVersion "1"]
[SourceVersionDate "1996.04.01"]
[SourceQuality "1"]

1. d4 d5 2. c4 c6 3. Nc3 Nf6 4. Nf3 dxc4 5. Ne5 b5 6. g3 Bb7 7. Bg2 Qc8 8. O-O
e6 9. b3 b4 $146 {In der Partie Varasdy,I-Schiefelbusch,D, Dortmund op 1987,
TD 87/03, geschah} (9... Nd5 10. Ne4 Nd7 $2 11. bxc4 Nxe5 12. dxe5 bxc4 13. Qd4
{mit Vorteil für Weiß.}) 10. Na4 c3 11. a3 Nbd7 12. axb4 Bxb4 13. Nc4 O-O 14.
Ba3 Bxa3 15. Rxa3 Qc7 16. Nc5 $5 (16. Nxc3 c5 17. Nb5 Qb8 18. Bxb7 Qxb7 19.
Nbd6 Qd5 $10) 16... Nd5 (16... a5 $5 17. Nxb7 Qxb7 18. Nxa5 Qc7 $13) (16...
Nxc5 17. dxc5 a5 $5) 17. Qc2 Rfd8 18. e4 N5b6 19. Na5 (19. Qxc3 $142 $16) 19...
Nxc5 20. dxc5 Nd7 21. Qxc3 Ba6 22. Re1 Bb5 23. e5 Nf8 24. Nc4 Bxc4 25. Qxc4 Ng6
26. Qc3 Ne7 27. Ra4 Rab8 28. Rg4 Rd7 29. Be4 Qd8 30. Qf3 g6 31. Rf4 Nd5 32.
Bxd5 cxd5 33. b4 a5 34. c6 Re7 35. bxa5 Qxa5 36. Rc1 Qd2 37. Qa3 Rc7 38. Ra4
1/2-1/2